Espacios vectoriales /
Guardado en:
| Autor Principal: | |
|---|---|
| Formato: | Libro |
| Idioma: | Spanish |
| Publicado: |
Buenos Aires :
Editorial Functor,
1968.
|
| Etiquetas: |
Agregar Etiqueta
Sin Etiquetas, Sea el primero en etiquetar este registro!
|
| LEADER | 00807nam a22001695a 4500 | ||
|---|---|---|---|
| 001 | MAT.inmabb002572 | ||
| 008 | 050516s1968####ag#a#####b####001#0#spa#d | ||
| 005 | 20130307140344.0 | ||
| 245 | 1 | 0 | |a Espacios vectoriales / |c Enzo R. Gentile. |
| 260 | |a Buenos Aires : |b Editorial Functor, |c 1968. | ||
| 300 | |a xlv, 11-347 p. : |b il. ; |c 21 cm. | ||
| 500 | |a "Había una vez un capítulo 10 de mi panfleto titulado Notas de Algebra (1964). En un intento de reescribirlo, nació lo que luego llamóse Notas de Algebra-Espacios vectoriales, en 1965. La presente es una reedición de éste último con algunos cambios"--Prólogo. | ||
| 504 | |a Bibliografía: p. 345-347. | ||
| 100 | 1 | |a Gentile, Enzo R. | |
| 246 | 1 | 4 | |a Notas de álgebra |
| 084 | |a 15-01 (15-99 15A03 15A09 15A18 17C05) |2 msc2000 | ||
| 859 | |h 15 |i G338 |p A-8232 |b BIB. MATEMATICA | ||
